2021/22 Top 15 Fantasy Football Performers per Position - Statistics

General Stats
  • This quiz has been taken 374 times
    324 since last reset
  • The average score is 56 of 90
Answer Stats
Team % Correct
Josh Allen
98%
Keenan Allen
97%
Patrick Mahomes
97%
Tom Brady
95%
Travis Kelce
95%
Cooper Kupp
94%
Lamar Jackson
94%
Aaron Rodgers
93%
Derrick Henry
91%
Justin Herbert
91%
Hunter Henry
90%
Justin Jefferson
89%
Jonathan Taylor
87%
Mark Andrews
87%
Ja'Marr Chase
86%
Joe Burrow
86%
Davante Adams
85%
Aaron Jones
84%
Jalen Hurts
82%
Kyler Murray
80%
Tyreek Hill
79%
Dalvin Cook
78%
Jared Cook
78%
Matthew Stafford
78%
Austin Ekeler
77%
George Kittle
76%
Dak Prescott
74%
Derek Carr
73%
Joe Mixon
73%
Nick Chubb
73%
Alvin Kamara
71%
Ezekiel Elliott
71%
Jake Elliot
71%
Justin Tucker
71%
Kansas City Chiefs
71%
Kirk Cousins
71%
Los Angeles Rams
71%
Mike Williams
71%
Deebo Samuel
70%
Buffalo Bills
69%
Najee Harris
69%
Damien Harris
68%
Stefon Diggs
68%
Dallas Cowboys
67%
San Francisco 49ers
66%
Tampa Bay Buccaneers
65%
Mike Evans
64%
Dustin Hopkins
63%
Green Bay Packers
63%
NE Patriots
62%
CeeDee Lamb
60%
Diontae Johnson
58%
Miami Dolphins
58%
Indianapolis Colts
56%
Dalton Schultz
55%
James Conner
55%
Kyle Pitts
55%
Leonard Fournette
55%
Arizona Cardinals
54%
Carson Wentz
54%
Dallas Goedert
54%
Denver Broncos
54%
D.K. Metcalf
54%
New Orleans Saints
54%
Minnesota Vikings
53%
Ryan Tannehill
52%
Tennessee Titans
51%
Zach Ertz
50%
Harrison Butker
48%
Rob Gronkowski
45%
Tyler Lockett
45%
Cordarrelle Patterson
43%
Antonio Gibson
42%
Dawson Knox
40%
Matt Gay
40%
Tyler Higbee
36%
Hunter Renfrow
35%
Nick Folk
35%
Noah Fant
33%
Daniel Carlson
32%
Mike Gesicki
32%
Evan McPherson
31%
Tyler Bass
28%
Matt Prater
24%
Greg Zuerlein
23%
Mason Crosby
23%
Pat Freiermuth
23%
Chris Boswell
21%
Ryan Succop
20%
Greg Joseph
14%
No matching quizzes found
Score Distribution
Percent of People with Each Score
Percentile by Number Answered
Your Score History
You have not taken this quiz since the last reset